AH International Schools' Libraries

Silence (KHMER): (Record no. 48879)

MARC details
000 -LEADER
fixed length control field 00318nam a2200121 4500
020 ## - INTERNATIONAL STANDARD BOOK NUMBER
International Standard Book Number 9789924342052
100 ## - MAIN ENTRY--PERSONAL NAME
Personal name Vorniere, Yoann
9 (RLIN) 86265
245 ## - TITLE STATEMENT
Title Silence (KHMER):
Remainder of title BOOK 1 /
Statement of responsibility, etc Yoann Vorniere
260 ## - PUBLICATION, DISTRIBUTION, ETC. (IMPRINT)
Place of publication, distribution, etc Cambodia
Name of publisher, distributor, etc Sipar
Date of publication, distribution, etc 2024
300 ## - PHYSICAL DESCRIPTION
Extent unpaged.
Other physical details ill.
Dimensions 18 cm.
650 ## - SUBJECT ADDED ENTRY--TOPICAL TERM
Topical term or geographic name as entry element Manga
9 (RLIN) 86266
942 ## - ADDED ENTRY ELEMENTS (KOHA)
Source of classification or shelving scheme
Koha item type Books/GRAPHICS
Holdings
Withdrawn status Lost status Source of classification or shelving scheme Damaged status Not for loan Collection code Home library Current library Date acquired Total Checkouts Full call number Barcode Checked out Date last seen Date checked out Price effective from Koha item type
          Siem Riep Asian Hope Primary Library Asian Hope Primary Library 04/28/2025 23 KHMER GRAPHIX VOR 208162 05/06/2026 04/29/2026 04/29/2026 04/28/2025 Books/GRAPHICS

For any Logos Library related questions please contact Miss Art at swongnarasuk@asianhope.org.

For any Asian Hope Library related questions please contact Miss Raza at graza@asianhope.org.

Powered by Koha